تاريخ فلسفۀ اسلامي / Tārīkh-i falsafah-ʼi Islāmī / (Record no. 81729)
[ view plain ]
| 000 -LEADER | |
|---|---|
| fixed length control field | 00629nam a2200205 a 4500 |
| 001 - CONTROL NUMBER | |
| control field | 81729 |
| 003 - CONTROL NUMBER IDENTIFIER | |
| rucl marc code | BD-RjUL |
| 005 - DATE AND TIME OF LATEST TRANSACTION | |
| control field | 20230821105217.0 |
| 008 - FIXED-LENGTH DATA ELEMENTS--GENERAL INFORMATION | |
| fixed length control field | 160725s1965 ua ||| | ara d |
| 035 ## - SYSTEM CONTROL NUMBER | |
| System control number | (BD-RjUL) 81729 |
| 040 ## - CATALOGING SOURCE | |
| Original cataloging agency | HAI |
| Language of cataloging | eng |
| Transcribing agency | BD-RjUL |
| 041 0# - LANGUAGE CODE | |
| Language code of text/sound track or separate title | ara |
| 082 ## - DEWEY DECIMAL CLASSIFICATION NUMBER | |
| Edition number | 23 |
| Classification number | 181.07 |
| Author mark and year | DET 1965 |
| 100 1# - MAIN ENTRY--PERSONAL NAME | |
| Personal name | De Bawaer |
| 9 (RLIN) | 8437 |
| 245 10 - TITLE STATEMENT | |
| Title | تاريخ فلسفۀ اسلامي / Tārīkh-i falsafah-ʼi Islāmī / |
| Statement of responsibility, etc. | De- Bawair دي بوائر |
| 260 ## - PUBLICATION, DISTRIBUTION, ETC. (IMPRINT) | |
| Place of publication, distribution, etc. | القاهرة : |
| Name of publisher, distributor, etc. | مكتبة النهضة المصرية، |
| Date of publication, distribution, etc. | ١٩٦٥- |
| 300 ## - PHYSICAL DESCRIPTION | |
| Pagination | 176 p. ; |
| Size | ٢٤ س. |
| 650 #4 - SUBJECT ADDED ENTRY--TOPICAL TERM | |
| Topical term or geographic name as entry element | Islamic philosophy |
| 942 ## - ADDED ENTRY ELEMENTS (KOHA) | |
| Source of classification or shelving scheme | Dewey Decimal Classification |
| Koha item type | Books |
| Lost status | Source of classification or shelving scheme | Damaged status | Not for loan | Collection code | Permanent Location | Current Location | Shelving location | Date acquired | Source of acquisition | Total Checkouts | Full call number | Date last seen | Copy number | Koha item type |
|---|---|---|---|---|---|---|---|---|---|---|---|---|---|---|
| Dewey Decimal Classification | Not For Loan | Non-fiction | Central Library, University of Rajshahi | Central Library, University of Rajshahi | Reading Room | 24/12/1962 | Dr. Helali | U 181.07 DET 1965 | 21/08/2023 | C-1 | Books |